000 00780nam a2200253 i 4500
001 C2-0336435
003 PPAK
005 20180728135347.0
008 160616s my a|||| ||||| | may d
020 _a9789833505074
040 _aPPAK
_beng
_cPPAK
_erda
082 0 4 _a499.2386
_223
090 0 0 _a499.2386
_bFIS
_dK
100 0 _aFishamy,
_eauthor
245 1 0 _aKisah Amad dan Mamad bersama keluarga arnab
264 1 _aPulau Pinang :
_bPerbadanan Perpustakaan Awam Pulau Pinang ,
_c[date of publication not identified]
300 _a[20 pages] :
_bcolour illustrations ;
_c30 cm
336 _2rdacontent
_atext
337 _2rdamedia
_aunmediated
338 _2rdacarrier
_avolume
650 1 0 _aMalay language - Readers.
700 0 _aNorm,
_eeditor
942 _ddc
_cB
999 _c134201
_d134201